000 00665nam a22001937a 4500
003 0
005 20230818143700.0
008 230818b xxu||||| |||| 00| 0 eng d
020 _a978-621-409-198-0
050 _aU 660
_b.B75 2022
100 _aBriones, Mario R.
245 _aEmpowering the youth for nation building through civic welfare training service 1
_cMario R. Briones
260 _aMandaluyong City
_bBooks Atbp. Publishing Corp.
_cc2022.
300 _axii, 252 pages :
_bill. ;
_c23 cm.
500 _aCivic Welfare Training Service
504 _aIncludes bibliographical references.
650 _aCivic Welfare Training Service.
942 _2lcc
_cBK
999 _c365182
_d365182